00585nam a22001577a 450000500170000001000150001702000260003203500140005803700130007208200100008510000180009524501400011326000400025327001090029330000250040220190722123909.0 aENG-126028 a9788178442556c495.00 aEN-109560 bDBAD/PUB a519.2 aKaushik, Arun aAn introduction to probability and statistics :cby Arun Kaushik [and] Rajwant K. Singhbbook for undergraduate and graduate students / aNew DelhibR.K. Pulblicationsc2018 a4806/24, Bharat Ram Road, Darya GanjbNew Delhie110002k011-23285167, 65185557minfo@kkpublications.com aviii,155p.c24cm(Hb)